| 000 | 00628nam a22002177a 4500 | ||
|---|---|---|---|
| 999 |
_c8904 _d8904 |
||
| 003 | AR-CdUCM | ||
| 008 | 190326b ||||| |||| 00| 0 spa d | ||
| 020 | _a0-9682453-0-7 | ||
| 040 |
_aMUNICIPALIDAD PROVINCIAL DEL CUSCO _cBIBLIOTECA MUNICIPAL DEL CUSCO |
||
| 082 |
_a869.56 / _bP31 |
||
| 100 |
_aPacheco Alvarez, Wilbert _920915 |
||
| 245 | _aChinchaypukyu paqariy / | ||
| 260 |
_aCanadá : _bChaski press. _c2015. |
||
| 300 |
_a279 páginas ; _c21 cm. |
||
| 505 | _aPoesía. | ||
| 650 |
_aPoesías quechuas _97576 |
||
| 650 |
_aPoesías peruanas _91481 |
||
| 650 |
_aSiglo XX. _98 |
||
| 942 |
_2ddc _cLIBROS |
||
| 945 | _aacv | ||